|
|
|
|
| LEADER |
00000nab a2200000 ar4500 |
| 001 |
vtls008425937 |
| 003 |
SK-MaSNL |
| 005 |
20260303065933.0 |
| 008 |
060124c20051222xo mr|p|||||||000 b|slo |
| 038 |
|
|
|a SNSK
|
| 040 |
|
|
|a SNSK
|b slo
|c SNSK
|e AACR2
|
| 041 |
0 |
|
|a slo
|
| 044 |
|
|
|a xo
|c SK
|
| 080 |
|
|
|a 656.132
|2 UDC-MRF-SK2
|
| 100 |
1 |
|
|a Novotný, Peter
|4 aut
|9 336055
|
| 245 |
1 |
0 |
|a Ikarusom v Prešove odzvonilo
|b staré kĺbové autobusy sa pokúšajú predať, ale nikto ich nechce
|c Peter Novotný
|
| 300 |
|
|
|b Fotogr.
|
| 610 |
2 |
7 |
|a IKARUS (Budapešť, Slovensko)
|2 snsk
|9 1017715
|
| 650 |
0 |
7 |
|a autobusová doprava
|2 snsk
|9 70865
|
| 651 |
|
7 |
|a Prešov (Slovensko)
|2 snsk
|9 17347
|
| 773 |
0 |
|
|t Nový Čas
|g Roč. 15, č. 295 (22.12.2005), s. 9.
|x 1335-4655
|
| 852 |
|
|
|a SNSK
|b KIS3GCP
|
| 999 |
|
|
|c 1753321
|d 1755251
|